| 000 | 00427nam a2200157Ia 4500 | ||
|---|---|---|---|
| 008 | 160316s1999 xxu||||| |||| 00| 0 eng d | ||
| 082 |
_a344.046000 _bPAT |
||
| 100 | _aPatnaik Dr. Raghunath | ||
| 245 | _aPreserving bio-diversity and possible legal solutions | ||
| 250 | _a | ||
| 260 |
_aBhubaneswar _bUtkal University _c1999 |
||
| 300 |
_a6 _b _c |
||
| 365 | _b | ||
| 650 | _a1. Biodiversity - legal solutions | ||
| 700 |
_a _a |
||
| 999 |
_c37453 _d37453 |
||